000
00222nam a2200097Ia 4500
008
220204s9999 xx 000 0 und d
082
_a
82-3
_b
CON
100
_a
Condon, Richard
245
0
_a
Manchurian candidate
942
_c
BK
999
_c
31018
_d
31018